000 00353 a2200109 4500
001 ART_49718
005 20260410161829.0
008 260409a
245 1 0 _aUna "tercera vía" para la construcción de sistemas económicos
100 1 _aWitte, Hermann
773 0 _tEstudios Económicos
_g- Vol. 36, Nº 72 (ene./jun. 2019)
_wREV5080
999 _c23077
_d23077